000 00560nam a2200169 i 4500
001 74650
003 ES-MaACL
005 20230906172213.0
007 t|
008 040920s1969 sp ||||1| spa d
100 1 _aGonzález-Simancas, José Luis.
_958970
245 1 0 _aUniversidad y cambio
_b: los Institutos de Ciencias de la Educación /
_cJosé-Luis G.-Simancas y Oliveros F. Otero.
260 _aPamplona :
_bUniversidad de Navarra,
_c1969.
300 _a136 p. ;
_c19 cm.
700 1 _aOtero, Oliveros F.
_987897
852 _aES-MaACL
_jC-40058
_bR.70805
999 _c74650
_d74650